|
|
|
|
| LEADER |
00000nam0a2200000 4500 |
| 001 |
304396 |
| 005 |
20231102001709.0 |
| 020 |
|
|
|a RU
|b 83-20264
|
| 035 |
|
|
|a (RuTPU)RU\TPU\book\329643
|
| 090 |
|
|
|a 304396
|
| 100 |
|
|
|a 20150914d1983 km y0rusy5003 ca
|
| 101 |
0 |
|
|a rus
|
| 102 |
|
|
|a RU
|
| 105 |
|
|
|a y z 000zy
|
| 200 |
1 |
|
|a Экономическая роль образовательной подготовки трудовых ресурсов
|f Л. Н. Евдокимова, И. В. Кириченко
|
| 210 |
|
|
|a Москва
|c Экономика
|d 1983
|
| 215 |
|
|
|a 127 с.
|
| 225 |
1 |
|
|a Экономическая теория и хозяйственная практика
|
| 606 |
1 |
|
|a Трудовые ресурсы
|x Использование
|2 stltpush
|3 (RuTPU)RU\TPU\subj\37113
|9 58253
|
| 610 |
1 |
|
|a труд
|
| 610 |
1 |
|
|a кадры
|
| 610 |
1 |
|
|a подготовка
|
| 610 |
1 |
|
|a обучение
|
| 610 |
1 |
|
|a экономическая роль
|
| 610 |
1 |
|
|a уровень образования
|
| 610 |
1 |
|
|a трудящиеся
|
| 610 |
1 |
|
|a народное хозяйство
|
| 610 |
1 |
|
|a потребности
|
| 610 |
1 |
|
|a перспективное моделирование
|
| 686 |
|
|
|a У9(2(240.6
|2 rubbk
|
| 700 |
|
1 |
|a Евдокимова
|b Л. Н.
|
| 701 |
|
1 |
|a Кириченко
|b И. В.
|
| 801 |
|
0 |
|a RU
|b RuMRKP
|c 19950704
|g psbo
|
| 801 |
|
1 |
|a RU
|b 63413507
|c 20150914
|
| 801 |
|
2 |
|a RU
|b 63413507
|c 20180621
|g RCR
|
| 942 |
|
|
|c BK
|